LEADER 01368nas a2200301 i 4500 001 000000175764 003 CaOOAMICUS 005 20081201000000.0 008 081112b2006 xxuuu u0 0eng r 013 $a153247 040 $aSeMil$bita 245 10$a2006 /$cGeneral Editor Gail R. O'Day ; Book Review Editor Christine Roy Yoder ; Associate Book Review Editor Todd C. Penner. 260 $aAtlanta :$bThe Society of Biblical Literature,$c2006. 300 $a848 p. :$bill. ;$c23 cm. 500 $aContiene : Journal of Biblical Literature : 125th Anniversary Commemorative Essays. 700 1 $aO'Day, Gail R.,$d<1954-2018>.$0(OLS)http://semarc/name/42198 700 1 $aPenner, Todd C.$0(OLS)http://semarc/name/42199 700 1 $aYoder, Christine Roy <1968- >.$0(OLS)http://semarc/name/90963 773 0 $tJournal of Biblical Literature.$dBoston : The Society of Biblical Literature and Exegesis, 1890.$x0021-9231$w()2391 774 0 $tSpring.$w()269969 774 0 $tSummer.$w()269970 774 0 $tFall.$w()269971 774 0 $tWinter.$w()269972 850 $aSeMil 852 $aSeMil$W1$xVenegono$y1$m79 6 31$j126586$B126586$CSeMilBibl$Z2$F137634 $85 961 $aAbbonamento: Herder 996 $6245$a2006$9(OLS)http://semarc/title/143982 996 $6260$aAtlanta :$bThe Society of Biblical Literature$9(OLS)http://semarc/publisher/44296 LEADER 00468nab a2200133 i 4500 001 000000328048 003 CaOOAMICUS 005 20180831173553.0 008 180831n it uu u0 0ita r 013 $a39650 040 $aSeMil$bita 245 10$aTieni viva, Signore, la tua Chiesa. - In [rubrica] :$bPreghiera. 773 0 $t[OTTOBRE 1998]. - 32 p.$gp.[26]-[27]$w()290632 996 $6245$aTieni viva, Signore, la tua Chiesa. - In [rubrica] :$bPreghiera.$9(OLS)http://semarc/title/416648 LEADER 01093nam a2200277 i 4500 001 000000043924 003 CaOOAMICUS 005 20090924000000.0 008 090924s1963 gw u000 u ger u 013 $a15094 040 $aSeMil$bita 245 10$aEinsicht und Glaube /$cherausgegeben von Joseph Ratzinger und Heinrich Fries. 250 $a2. Aufl. 260 $aFreiburg ; Basel ; Wien :$bHerder,$c1963. 300 $a487 p. ;$c22 cm. 650 4$aTeologia fondamentale - Saggi.$0(OLS)http://semarc/subject/5976 700 1 $aFries, Heinrich,$d<1911-1998>.$0(OLS)http://semarc/name/3370 700 0 $aBenedictus XVI,$c.$0(OLS)http://semarc/name/298 850 $aSeMil 852 $aSeMil$W1$xVenegono$y1$m2B III 193$j10079$B10079$CSeMilBibl$Z2$F10079 $81 900 1 $aRatzinger, Joseph,$d<1927-2022>. 900 0 $aBenedetto XVI$c. 996 $6245$aEinsicht und Glaube$9(OLS)http://semarc/title/64719 996 $6260$aFreiburg ; Basel ; Wien :$bHerder$9(OLS)http://semarc/publisher/29643 LEADER 01020nam a2200217 i 4500 001 000000050171 003 CaOOAMICUS 005 20120711000000.0 008 120711s1981 it u000 u ita u 013 $a21342 040 $aSeMil$bita 245 10$aVerso una societą con la donna /$cCentro Italiano Femminile : Commissione di Studio Interdisciplinare ; prefazione di Maria Eletta Martini. 260 $a[S.l.] :$bUnione Editori Cattolici Italiani,$c1981. 300 $a397 p. :$btabelle ;$c23 cm. 650 4$aDonna.$0(OLS)http://semarc/subject/7169 700 1 $aMartini, Maria Eletta.$0(OLS)http://semarc/name/24580 700 1 $aCentro Italiano Femminile : Commissione di Studio Interdisciplinare.$0(OLS)http://semarc/name/24848 850 $aSeMil 852 $aSeMil$W1$xVenegono$y1$m2E IV 183$j16326$B16326$CSeMilBibl$Z2$F16326 $81 996 $6245$aVerso una societą con la donna$9(OLS)http://semarc/title/76555 996 $6260$a[S.l.] :$bUnione Editori Cattolici Italiani$9(OLS)http://semarc/publisher/39912 LEADER 02609nam a2200361 i 4500 001 000000184731 003 CaOOAMICUS 005 20150924000000.0 008 150924n it u000 u ita u 013 $a162713 040 $aSeMil$bita 100 1 $aSpinelli, Salvatore.$0(OLS)http://semarc/name/25064 245 13$a[I benefattori dell'Ospedale Maggiore di Milano :$b25 marzo 1929 - 25 marzo 1951 /$cAvv. Salvatore Spinelli]. 260 $a[S.l. :$bs.n.],$c[195?] 300 $a1 v. ;$c25 cm. 500 $aFondo card. Giovanni Colombo. 650 4$aMilano - Ospedale Maggiore (Cą Granda).$0(OLS)http://semarc/subject/6012 774 0 $t"Ca' Granda" e gli Istituti Ospedalieri di Milano.$w()324973 774 0 $tRitratti e ritrattisti all'ospedale.$w()324974 774 0 $tBenefattori dell'Ospedale Maggiore di Milano nel biennio 25. marzo 1929 - 25 marzo 1931 e i nuovi ritratti. - Con 33 illustrazioni. - In testa al front.$w()324975 774 0 $tBenefattori dell'Ospedale Maggiore di Milano nel biennio 25 marzo 1931 - 25 marzo 1933 e i nuovi ritratti. - Con 38 illustrazioni. - In testa al front.$w()324976 774 0 $tBenefattori dell'Ospedale Maggiore di Milano nel biennio 25 marzo 1933 - 25 marzo 1935 e i nuovi ritratti. - Con 45 illustrazioni. - In testa al front.$w()324977 774 0 $tBenefattori dell'Ospedale Maggiore di Milano nel biennio 25 marzo 1935 - 25 marzo 1937 e i nuovi ritratti. - Con 37 illustrazioni. - In testa al front.$w()324978 774 0 $tBenefattori dell'Ospedale Maggiore di Milano nel biennio 25 marzo 1937 - 25 marzo 1939 e i nuovi ritratti. - Con 30 illustrazioni. - In testa al front.$w()324979 774 0 $tBenefattori dell'Ospedale Maggiore di Milano nel biennio 25 marzo 1939 - 25 marzo 1941 e i nuovi ritratti. - Con 40 illustrazioni. - In testa al front.$w()324980 774 0 $tBenefattori dell'Ospedale Maggiore di Milano nel biennio 25 marzo 1941 - 25 marzo 1947 e i nuovi ritratti. - Con 58 illustrazioni nel testo e due tavole a colori fuori testo. - In testa al front.$w()324981 774 0 $tBenefattori dell'Ospedale Maggiore di Milano nel biennio 25 marzo 1947 - 25 marzo 1951 e i nuovi ritratti. - Con 29 illustrazioni. - In testa al front.$w()324982 850 $aSeMil 852 $aSeMil$W1$xVenegono$y1$m3GC V 284$j135423$B135423$CSeMilBibl$Z2$F206170 $8B 941 1 $a3 961 $aLascito: Colombo Card. Giovanni 996 $6245$a[I benefattori dell'Ospedale Maggiore di Milano :$b25 marzo 1929 - 25 marzo 1951$9(OLS)http://semarc/title/265254 996 $6260$a[S.l. :$bs.n.]$9(OLS)http://semarc/publisher/29751